| 000 | 01361nam a2200349Ia 4500 | ||
|---|---|---|---|
| 001 | ebr10240331 | ||
| 003 | CaPaEBR | ||
| 006 | m u | ||
| 007 | cr cn||||||||| | ||
| 008 | 000228s2001 maua sb 001 0 eng d | ||
| 010 | _z 00025862 | ||
| 020 | _z063121254X (hc : alk. paper) | ||
| 020 | _z140510676X | ||
| 020 | _z9780631212546 | ||
| 040 |
_aCaPaEBR _cCaPaEBR |
||
| 035 | _a(OCoLC)646757339 | ||
| 050 | 1 | 4 |
_aHB139 _b.C643 2001eb |
| 245 | 0 | 2 |
_aA companion to theoretical econometrics _h[electronic resource] / _cedited by Badi H. Baltagi. |
| 246 | 3 | 0 | _aTheoretical econometrics |
| 260 |
_aMalden, Mass. : _bBlackwell, _c2001. |
||
| 300 |
_axviii, 709 p. : _bill. |
||
| 490 | 1 | _aBlackwell companions to contemporary economics | |
| 504 | _aIncludes bibliographical references and index. | ||
| 533 |
_aElectronic reproduction. _bPalo Alto, Calif. : _cebrary, _d2011. _nAvailable via World Wide Web. _nAccess may be limited to ebrary affiliated libraries. |
||
| 650 | 0 | _aEconometrics. | |
| 650 | 0 | _aEconomics, Mathematical. | |
| 655 | 7 |
_aElectronic books. _2local |
|
| 700 | 1 |
_aBaltagi, Badi H. _q(Badi Hani) |
|
| 710 | 2 | _aebrary, Inc. | |
| 830 | 0 | _aBlackwell companions to contemporary economics. | |
| 856 | 4 | 0 |
_uhttp://site.ebrary.com/lib/rucke/Doc?id=10240331 _zAn electronic book accessible through the World Wide Web; click to view |
| 999 |
_c35978 _d35978 |
||